High voltage electrical supply apparatus (Record no. 69951)
[ view plain ]
| 000 -LEADER | |
|---|---|
| fixed length control field | 01131cam a2200229 4500 |
| 001 - CONTROL NUMBER | |
| control field | WB3813-24 |
| 008 - FIXED-LENGTH DATA ELEMENTS--GENERAL INFORMATION | |
| fixed length control field | 020410n2002 000 0 eng u |
| 035 ## - SYSTEM CONTROL NUMBER | |
| System control number | (Sirsi) u117424 |
| 245 ## - TITLE STATEMENT | |
| Title | High voltage electrical supply apparatus |
| 260 ## - PUBLICATION, DISTRIBUTION, ETC. | |
| Date of publication, distribution, etc. | 2002 |
| 490 ## - SERIES STATEMENT | |
| Series statement | RICS Valuation Faculty News |
| Volume/sequential designation | 4 April 2002, (2) |
| 520 ## - SUMMARY, ETC. | |
| Summary, etc. | Amendments are being issued to PSA 3.7 to reflect the current view of the National Radiological Protection Board (NRPD) on the relationship between electromagnetic fields and incidents of leukaemia. The Approval and Valuation Standards Board has approved the immediate use of the new wording prior to its release in Amendment 15 to the Red Book. http://www.rics.org/ricscms/bin/show?class=News&template=/includes/shownews.html&id=2205 |
| 590 ## - LOCAL NOTE (RLIN) | |
| Local note | WB |
| 650 ## - SUBJECT ADDED ENTRY--TOPICAL TERM | |
| Topical term or geographic name entry element | APPRAISAL AND VALUATION STANDARDS BOARD |
| 650 ## - SUBJECT ADDED ENTRY--TOPICAL TERM | |
| Topical term or geographic name entry element | HIGH VOLTAGE OVERHEAD TRANSMISSION LINES |
| 650 ## - SUBJECT ADDED ENTRY--TOPICAL TERM | |
| Topical term or geographic name entry element | ELECTRICAL SUPPLY |
| 650 ## - SUBJECT ADDED ENTRY--TOPICAL TERM | |
| Topical term or geographic name entry element | PSA3.7 |
| 650 ## - SUBJECT ADDED ENTRY--TOPICAL TERM | |
| Topical term or geographic name entry element | RICS APPRAISAL AND VALUATION MANUAL |
| 650 ## - SUBJECT ADDED ENTRY--TOPICAL TERM | |
| Topical term or geographic name entry element | NATIONAL RADIOLOGICAL PROTECTION BOARD |
| 690 ## - LOCAL SUBJECT ADDED ENTRY--TOPICAL TERM (OCLC, RLIN) | |
| Topical term or geographic name as entry element | PROPERTY-PROPERTY APPRAISAL AND VALUATION |
| 942 ## - ADDED ENTRY ELEMENTS (KOHA) | |
| Suppress in OPAC | 0 |
| Withdrawn status | Lost status | Source of classification or shelving scheme | Damaged status | Not for loan | Home library | Current library | Shelving location | Date acquired | Total Checkouts | Barcode | Date last seen | Copy number | Price effective from | Koha item type |
|---|---|---|---|---|---|---|---|---|---|---|---|---|---|---|
| Dewey Decimal Classification | London | London | News article | 10/04/2002 | 117424-1001 | 06/08/2019 | 1 | 06/08/2019 | News article |